000 00498 a2200109 4500
001 ART_45070
005 20260410162038.0
008 260409a
245 1 0 _aLos cambios en el proceso de producción de algodón en el Chaco en las últimas décadas y sus consecuencias en las condiciones de vida de minifundistas y trabajadores vinculados
100 1 _aGarcía, Inés Liliana
773 0 _tRevista de estudios regionales y mercado de trabajo
_g- N° 3 (ene./dic. 2007)
_wREV44894
999 _c34643
_d34643